| 000 | 00444 a2200157 4500 | ||
|---|---|---|---|
| 999 |
_c1095 _d1095 |
||
| 020 | _a9780205367184 | ||
| 050 | _aGN 316 HAR 2003 | ||
| 100 |
_aHarris, Marvin _eauthor |
||
| 245 |
_aCultural anthropology _cMarvin Harris and Orna Johnson |
||
| 264 |
_aBoston: _bPearson Education; _c2003. |
||
| 300 |
_axii; 369p. _bill. |
||
| 500 | _aIncludes Index | ||
| 650 | _aAnthropology | ||
| 700 | _aOrna Johnson | ||
| 942 |
_2lcc _cBK _e6th _h316 _iHAR _k2003 |
||